00479 a2200157 4500010001400000020002300014035001300037037001800050082001000068100002700078245004600105260004400151270004700195300003000242500004900272 aENG-85950 a812033051Xc175.00 aEN-69483 bD.B.Act / Pub14a005.11 aChattopadhyay, Santanu1 aSystem softwarecby Santanu Chattopadhyay aNew DelhibPrentice Hall of Indiac2007 aM-97, Cannaught CircusbNew Delhie110 001 axi, 195 p.b24 cm. (Pbk.) aIncludes bibliographical refrences and index